Normal view
MARC view
Entry Topical Term
001 - CONTROL NUMBER
- control field: 20607
003 - CONTROL NUMBER IDENTIFIER
- control field: ARRUPE
005 - DATE AND TIME OF LATEST TRANSACTION
- control field: 20151028105621.0
008 - FIXED-LENGTH DATA ELEMENTS
- fixed length control field: 151028|| aca||aabn | a|a d
040 ## - CATALOGING SOURCE
- Original cataloging agency: ARRUPE
- Transcribing agency: ARRUPE
150 ## - HEADING--TOPICAL TERM
- Topical term or geographic name as entry element: Terrorism
- General subdivision: Prevention
- General subdivision: Government policy.
670 ## - SOURCE DATA FOUND
- Source citation: Work cat.: (ARRUPE)0: Wardlaw, Grant. 20606, Political terrorism :, c1982.